| 000 | 06396nam a22005177a 4500 | ||
|---|---|---|---|
| 005 | 20100219114315.0 | ||
| 008 | 100219t xxu||||| |||| 00| 0 hin d | ||
| 010 | _aB-394117-139 / HIN-90879 | ||
| 020 |
_a9788188524297 _c200.00 |
||
| 035 | _aB-394117-139 | ||
| 035 | _aHN-63225 | ||
| 037 | _bप्रीमियर बुक्स / PUB | ||
| 040 |
_aDPL _bHN |
||
| 082 | _aक | ||
| 100 |
_aअब्बास, ख़्वाजा, अहमद _923533 |
||
| 245 |
_aहैलो मिस मालती / _cख़्वाजा अहमद अब्बास;एम.नसीम द्वारा अनुदित |
||
| 260 |
_aदिल्ली _bप्रीमियर बुक्स _c2009 |
||
| 270 |
_aसी-9/96-97, यमुना विहार _bदिल्ली _e110053 |
||
| 300 |
_a168पृ _c22सेमी (सजिल्द) |
||
| 700 |
_aनसीम, एम. _923534 |
||
| 942 |
_2ddc _cHN _mअब्बास _hक |
||
| 999 |
_c34139 _d34139 |
||